Alle Flug-Pokemon - Statistiken

Allgemein
  • Dieses Quiz wurde 347 mal gespielt
    223 seit der letzten Aktualisierung
  • Das Durchschnittsergebnis liegt bei 77 aus 110
Antwortstatistiken
Pokedex-Nummer Pokemon 2. Typ % Korrekt
142 Aerodactyl Gestein
100%
143 Arktos Eis
100%
149 Dragoran Drache
100%
018 Tauboss Normal
100%
006 Glurak Feuer
99%
145 Lavados Feuer
99%
012 Smettbo Käfer
99%
017 Tauboga Normal
99%
016 Taubsi Normal
99%
144 Zapdos Elektro
99%
021 Habitak Normal
97%
022 Ibitak Normal
97%
164 Noctuh Normal
97%
042 Golbat Gift
96%
163 Hoothoot Normal
96%
041 Zubat Gift
96%
130 Garados Wasser
95%
250 Ho-Oh Feuer
92%
187 Hoppspross Pflanze
92%
249 Lugia Psycho
92%
227 Panzaeron Stahl
91%
276 Schwalbini Flug
91%
123 Sichlor Käfer
91%
398 Staraptor Flug
91%
169 Iksbat Gift
89%
189 Papungha Pflanze
89%
277 Schwalboss Flug
89%
396 Staralili Flug
89%
397 Staravia Flug
89%
198 Kramurx Unlicht
88%
384 Rayquaza Drache
88%
278 Wingull Wasser
86%
373 Brutalanda Drache
85%
188 Hubelupf Pflanze
85%
279 Pelipper Wasser
85%
083 Porenta Normal
85%
085 Dodri Normal
84%
084 Dodu Normal
84%
430 Kramshef Unlicht
84%
178 Xatu Psycho
84%
177 Natu Psycho
82%
468 Togekiss Fee
82%
166 Ledian Käfer
81%
176 Togetic Fee
81%
357 Tropius Pflanze
81%
334 Altaria Drache
78%
425 Driftlon Geist
78%
165 Ledyba Käfer
78%
267 Papinella Käfer
78%
426 Drifzepeli Geist
77%
472 Skorgro Boden
77%
225 Botogel Eis
76%
207 Skorgla Boden
76%
333 Wablu Normal
76%
226 Mantax Wasser
72%
663 Fiaro Feuer
70%
662 Dartignis Feuer
69%
519 Dusselgurr Normal
69%
521 Fasasnob Normal
69%
193 Yanma Käfer
68%
458 Mantirps Wasser
66%
284 Maskeregen Käfer
66%
469 Yanmega Käfer
66%
661 Dartiri Normal
65%
587 Emolga Elektro
65%
414 Moterpel Käfer
65%
416 Honweisel Käfer
64%
520 Navitaub Normal
64%
415 Wadribie Käfer
62%
641 Boreos
59%
291 Ninjask Käfer
59%
645 Demeteros Boden
58%
581 Swaroness Wasser
58%
561 Symvolara Psycho
58%
714 eF-eM Drache
57%
566 Flapteryx Gestein
57%
630 Grypheldis Unlicht
57%
580 Piccolente Wasser
57%
492 Shaymin Pflanze
57%
715 UHaFnir Drache
57%
642 Voltolos Elektro
57%
741 Choreogel Fe/El/Ps/Ge
55%
823 Krarmor Stahl
55%
629 Skallyk Unlicht
55%
628 Washakwil Normal
55%
722 Bauz Pflanze
54%
701 Resladero Kampf
54%
732 Trompeck Flug
54%
567 Aeropteryx Gestein
53%
627 Geronimatz Normal
53%
821 Meikro
51%
731 Peppeck Flug
50%
527 Fleknoil Psycho
49%
528 Fletiamo Psycho
49%
666 Vivillon Käfer
49%
723 Arboretoss Pflanze
46%
717 Yveltal Unlicht
46%
822 Kranoviz
45%
441 Plaudagei Normal
43%
733 Tucanon Flug
38%
845 Urgl Wasser
34%
797 Kaguron Stahl
32%
774 Meteno Gestein
32%
940 Voltrel Elektro
30%
941 Voltrean Elektro
28%
905 Cupidos Fee
23%
973 Flaminkno Kampf
20%
962 Adebom Unlicht
19%
993 Eisenhals Unlicht
16%
931 Krawalloro Normal
12%
Keine übereinstimmenden Quizze gefunden
Verteilung der Resultate
Anzahl Personen mit jedem Resultat
Perzentil nach korrekt beantworteten Fragen
Ihre Resultats-Entwicklung
Sie haben dieses Quiz seit der letzten Aktualisierung nicht gespielt